Mistrzostwa Świata w lekkoatletyce - Statystyki

Ogólne statystyki
  • Ten quiz został rozwiązany 59 razy
  • Średni wynik to 13 z 19
Statystyki odpowiedzi
Rok Miasto % Poprawnych
2009 Berlin
92%
2023 Budapeszt
90%
2015 Pekin
88%
2003 Paryż
86%
2017 Londyn
84%
1983 Helsinki
82%
2005 Helsinki
82%
2013 Moskwa
80%
1991 Tokio
78%
2019 Doha
71%
2022 Eugene
67%
1987 Rzym
67%
1997 Ateny
57%
2007 Osaka
55%
1999 Sewilla
49%
2011 Daegu
47%
2001 Edmonton
41%
1995 Goteborg
35%
1993 Stuttgart
31%
Nie znaleziono quizów pasujących do podanych kryteriów
Rozkład punktacji
Procent ludzi z każdym wynikiem
Percentyl według liczby udzielonych odpowiedzi
Twoja historia wyników
Nie rozwiązałeś tego quizu